[Event "Stuttgart-chC int"]
[Site "Ditzingen"]
[Date "2013.05.11"]
[Round "5"]
[White "Fink, Konstantin"]
[Black "Juettner, Mark"]
[Result "1-0"]
[WhiteElo "1289"]
[BlackElo "1376"]
[PlyCount "93"]
[EventDate "2013.05.09"]
[EventType "swiss"]
[EventRounds "7"]
[EventCountry "GER"]
[SourceTitle "EXT 2014"]
[Source "ChessBase"]
[SourceDate "2013.11.20"]
[SourceVersion "1"]
[SourceVersionDate "2013.11.20"]
[SourceQuality "1"]

1. e4 e5 2. Nf3 Nc6 3. Bb5 Nf6 4. 0-0 Bc5 5. c3 d6 6. d4 a6 7. Bxc6+ bxc6 8. dxc5 d5 9. Nxe5 Bd7 10. exd5 Nxd5 11. Re1 0-0 12. Nxd7 Qxd7 13. c4 Nf6 14. Qxd7 Nxd7 15. b4 Rad8 16. Be3 Ne5 17. Nd2 Nd3 18. Reb1 f5 19. g3 h6 20. h4 Ne5 21. Bf4 Ng4 22. Nb3 Rd7 23. Rd1 Re7 24. Re1 Rd7 25. Rad1 Rdf7 26. Na5 Rb8 27. a3 g6 28. Nxc6 Rbf8 29. Rd8 Rxd8 30. Nxd8 Rd7 31. Nc6 Rd3 32. Ne5 Rxa3 33. Nxg4 fxg4 34. Bxc7 Rc3 35. Re4 Rc1+ 36. Kg2 Rb1 37. Ba5 g5 38. hxg5 hxg5 39. Rxg4 Kf7 40. Rxg5 Kf6 41. Rg4 Kf5 42. Rf4+ Ke5 43. c6 Rd1 44. c7 Rd6 45. c8Q Re6 46. Bc7+ Rd6 47. Qf5# 1-0

[Event "Stuttgart-chC int"]
[Site "Ditzingen"]
[Date "2013.05.10"]
[Round "4"]
[White "Klein, Werner"]
[Black "Fink, Konstantin"]
[Result "0-1"]
[WhiteElo "1043"]
[BlackElo "1289"]
[PlyCount "86"]
[EventDate "2013.05.09"]
[EventType "swiss"]
[EventRounds "7"]
[EventCountry "GER"]
[SourceTitle "EXT 2014"]
[Source "ChessBase"]
[SourceDate "2013.11.20"]
[SourceVersion "1"]
[SourceVersionDate "2013.11.20"]
[SourceQuality "1"]

1. e4 e5 2. Nf3 Nc6 3. Bc4 Bc5 4. d3 Nf6 5. 0-0 d6 6. Re1 Bg4 7. Nbd2 Qd7 8. h3 Bh5 9. c3 0-0-0 10. b4 Bb6 11. a4 a6 12. Qb3 h6 13. b5 Na5 14. Qa2 Nxc4 15. Qxc4 a5 16. d4 exd4 17. cxd4 g5 18. Qc3 g4 19. Nh2 gxh3 20. g3 Bg6 21. Bb2 Rhg8 22. Nc4 Ba7 23. b6 Bb8 24. Nd2 h5 25. e5 Ng4 26. Ne4 Bxe4 27. Rxe4 Nxf2 28. Rf4 Ng4 29. Raf1 Qc6 30. Qxc6 bxc6 31. bxc7 Bxc7 32. Rxf7 dxe5 33. Nxg4 hxg4 34. dxe5 Rd2 35. Rc1 Rxb2 36. Rxc6 Rb7 37. e6 Re8 38. e7 Kd7 39. Rc1 Rxe7 40. Re1 Bb6+ 41. Kh2 Ke8 42. Rfxe7+ Rxe7 43. Rxe7+ Kxe7 0-1